00486 a2200145 4500010001400000020002400014035001300038037001500051082001000066100001700076245005800093260003800151270009900189300005200288 aENG-86165 a8173871957c1250.00 aEN-69698 bDBAD / PUB14a736.41 aHanda, O. C.1 aWoodcarving in the Himalayan region /cby O. C. Handa aNew DelhibIndus Publishingc2006 aFS-5, Tagore GardenbNew Delhie110027k011-42133022, 011-42133622mindus@indus-publishing.com a240 p.c22cm. (Hb.)b19 sketches and 122 plates